Crises do estado e direito do trabalho

Detalles Bibliográficos
Autor principal: Rosa Andrade, Amanda Martins
Formato: eBook
Lenguaje:portugués
Publicado: San Pablo: LTR, 2020
Materias:
Acceso en línea:Acceso restringido

MARC

LEADER 00000nam a22000007a 4500
005 20220408211323.0
007 cr|||| ||||
008 220408s2020 br |||||s|||| 00||0 por d
020 |a 978-85-301-0195-4 
035 |a 36042 
040 |a vLex 
090 |c 13136  |d 13136 
100 1 |a Rosa Andrade, Amanda Martins 
245 1 0 |a Crises do estado e direito do trabalho  |h [Recurso electrn̤ico] /  |c Amanda Martins Rosa Andrade 
256 |a Servicio en ln̕ea 
260 |a San Pablo:  |b LTR,  |c 2020 
300 |a 1 recurso electrn̤ico 
500 |a Por meio de uma metodologia descritiva, este livro visa traȧr um paralelo entre Estado e Direito do Trabalho, demonstrando como as transformaė̳s e crises do Estado contribur̕am para que esse ramo do direito encontrasse as condiė̳s sociais, jurd̕icas, polt̕icas e econm̥icas para nascer, desenvolver-se e expandir-se, mas tambm̌, e principalmente, para vivenciar crises a partir da dčada de 1970, quando o Estado, um de seus pilares de sustentaȯ̂, comeȧ a transformar-se em um Estado Econm̥ico, colonizado pela razô de mercado. A partir da dčada de 1970, os Estados, de forma espontńea ou nô, comeȧram a adotar polt̕icas neoliberais que deram inc̕io ̉desconstruȯ̂ da camada social protetiva edificada no pero̕do ps̤-1945 sob a ǧide do Estado de Bem-Estar Social. Esta desconstruȯ̂, como se pretende demonstrar, incluiu o Direito do Trabalho, que viu seu cd̤igo genťico comeȧr a ser modificado pela racionalidade neoliberal, que o afasta de suas finalidades e particularismos na tentativa de torn-̀lo, pouco a pouco, um direito market friendly, contaminado pela lg̤ica economicista. 
506 1 |a Disponible solo en los productos indicados  |d vLex Global  |d vLex Global (Academic Edition, excluding Law Schools)  |d vLex Global (U.S. Academic Edition, Law Schools)  |d vLex Global (U.S. Academic Edition, excluding Law Schools)  |d vLex Global (Academic Edition, Law Schools) 
650 0 4 |a Derecho Laboral y Seguridad Social  |z Brasil 
740 0 |a vLex Libros (Servicio en ln̕ea) 
856 4 0 |u https://app.vlex.com/#/sources/36042  |z Acceso restringido 
942 |c BOOK 
999 0 |a Labor law and social security